Statistics for Largest Cities in the Caribbean

Click here to take the quiz!

General Stats

  • This quiz has been taken 150 times
  • The average score is 9 of 25

Answers on the Map

Answers color-coded by a green-red scale on the quiz's map according to % correct below.
 

Answer Stats

CountryPopulationCity% Correct
Cuba2,163,824Havana
100%
Jamaica937,700Kingston
99%
Haiti1,234,742Port-au-Prince
98%
Dominican Republic2,201,941Santo Domingo
98%
Bahamas227,940Nassau
95%
Puerto Rico418,140San Juan
92%
Cuba555,865Santiago de Cuba
56%
Cuba272,801Guantánamo
46%
Cuba347,562Camagüey
34%
Dominican Republic1,200,000Santiago de los Caballeros
26%
Cuba319,102Holguín
22%
Cuba250,512Santa Clara
22%
Cuba192,632Bayamo
20%
Haiti442,156Carrefour
19%
Dominican Republic208,437La Romana
17%
Cuba203,684Las Tunas
15%
Puerto Rico203,499Bayamón
14%
Haiti250,000Port-de-Paix
12%
Dominican Republic217,899San Pedro de Macorís
12%
Haiti283,052Pétionville
11%
Dominican Republic701,269Santo Domingo Oeste
10%
Haiti229,127Croix des Bouquets
7%
Cuba210,053Arroyo Naranjo
5%
Jamaica583,958New Kingston
5%
Cuba227,293Diez de Octubre
4%

Score Distribution

Percentile by Number Answered

Percent of People with Each Score

Your Score History

You have not taken this quiz